[Event "5th EKA IIFL Investment 2019"]
[Site "Mumbai"]
[Date "2020.01.03"]
[Round "5.2"]
[White "Hesham, Abdelrahman"]
[Black "Deepan Chakkravarthy J."]
[Result "1-0"]
[WhiteElo "2416"]
[BlackElo "2535"]
[Annotator "TA"]
[PlyCount "69"]
[EventDate "2019.12.30"]
[EventType "swiss"]
[EventCountry "IND"]
[SourceTitle "playchess.com"]
[Source "ChessBase"]
[SourceQuality "1"]

{[%evp 9,69,15,16,-52,-43,-52,-9,-31,-8,-56,-13,-29,25,17,31,12,40,19,32,41,35,20,19,0,161,154,164,166,166,173,175,181,222,151,151,160,145,0,68,66,49,50,94,0,0,-25,0,-33,0,0,0,0,8,8,112,24,104,112,726,688,634,640]} 1. d4 Nf6 2. Bf4 g6 3. Nc3 {[%cal Bb1c3,Bc3b5,Bb5d6][%mdl 32]} d5 4. Qd2 Bg7 5. f3 O-O 6. e4 {A45: Trompowsky Attack} (6. g4 $11) 6... c5 7. dxc5 {[%cal Re4d5]} d4 8. Nb5 {Strongly threatening Nc7.The position is equal.} Nc6 {[%mdl 1024] Black has compensation.} 9. c3 $146 (9. Bc7 $5 {[%cal Rc7d8]} Qd7 10. Bg3 $11) ({Predecessor:} 9. O-O-O e5 10. Bg5 Be6 11. Kb1 {0-1 (26) Dlugy,M (2518)-Dominguez Perez,L (2732) Berlin 2015}) 9... e5 10. Bg3 a6 (10... Nd7 $142) 11. Nd6 $11 b6 12. cxd4 Nxd4 13. Bxe5 bxc5 14. Bxd4 ({Not} 14. Nxc8 Nxe4 15. fxe4 Bxe5 $17) 14... cxd4 15. Nxc8 Rxc8 16. Bxa6 Bh6 $2 (16... Rb8 $1 $11) 17. Qxh6 $18 Qa5+ 18. Qd2 Qxa6 19. Ne2 ({Inferior is} 19. Qxd4 Rfd8 $19) 19... d3 20. Nc3 $1 Qa7 21. Rd1 Rb8 22. Rf1 $1 Nd7 23. f4 (23. Qxd3 $16 Rxb2 24. Qd4 Qxd4 25. Rxd4) 23... Rfe8 ({Better is} 23... Rfc8 $11) 24. Rf2 $1 $14 Nf6 {...Rxe4+ is the strong threat.} 25. Qxd3 {Hoping for Qd4.} Ng4 {[%csl Gg4][%cal Ra7f2]} 26. Rdd2 (26. Re2 $16) 26... Nxf2 $11 27. Rxf2 Red8 28. Qf3 Rb4 29. g3 Rbd4 {Threatens to win with ...Rd3.} 30. f5 Rd3 31. Qf4 Qa6 (31... Qd4 $11 {keeps the balance.} 32. Kf1 Rd2) 32. f6 ({White should play} 32. fxg6 $16 Qxg6 33. Kf1) 32... R3d6 {[#]} (32... Kh8 $11) 33. e5 $1 $16 {And now Qh6 would win.} Re8 $2 {[%mdl 8192] [#]} (33... Re6 $16) 34. Re2 $1 $18 Rc6 35. Qh6 {Accuracy: White = 56%, Black = 29%.} 1-0

[Event "5th EKA IIFL Investment 2019"]
[Site "Mumbai"]
[Date "2020.01.03"]
[Round "5.3"]
[White "Das, Sayantan"]
[Black "Yudin, Sergei"]
[Result "1/2-1/2"]
[WhiteElo "2440"]
[BlackElo "2497"]
[Annotator "TA"]
[PlyCount "74"]
[EventDate "2019.12.30"]
[EventType "swiss"]
[EventCountry "IND"]
[SourceTitle "playchess.com"]
[Source "ChessBase"]
[SourceQuality "1"]

{[%evp 11,74,0,0,0,0,0,0,0,0,0,0,0,22,11,14,11,23,19,24,23,30,22,22,22,22,22,22,24,25,16,16,16,27,20,31,16,26,22,44,2,2,2,2,0,0,0,0,0,0,0,0,0,0,0,0,0,0,0,0,0,0,0,0,0,0]} 1. Nf3 d5 2. c4 e6 3. g3 dxc4 4. Qa4+ Nd7 5. Qxc4 a6 6. Bg2 b5 7. Qc6 {A13: English Opening: 1...e6} (7. Qc2 Bb7 8. O-O Ngf6 9. a4 c5 10. Nc3 Bc6 11. d3 Be7 12. Nd2 Bxg2 13. Kxg2 O-O 14. Nf3 Qb6 15. axb5 axb5 16. Rxa8 Rxa8 17. Qb3 Ra5 18. Bd2 h6 19. Rc1 Kf8 20. Nb1 Ra8 21. Nc3 Ra5 22. Nb1 Ra8 23. Nc3 Ra5 {½-½ (23) Laznicka,V (2658)-Vallejo Pons,F (2687) Patras 2019}) 7... Rb8 8. O-O Ngf6 {Threatens to win with ...Bc5.} (8... Bb7 {with more complications.} 9. Qc2 Ngf6 10. Nc3 c5 11. a4 Be7) 9. Qc2 Bb7 10. a4 Be7 11. d3 O-O 12. Nc3 b4 13. Nb1 {[%cal Bc3b1,Bb1d2,Bd2c4][%mdl 32]} a5 $146 ({Predecessor:} 13... c5 14. Nbd2 Rc8 15. a5 Nd5 {0-1 (37) Gogolev,A (2343)-Keinanen,T (2345) St Petersburg 2016}) 14. Nbd2 c5 15. Nc4 Ra8 16. Rd1 Nb6 17. Nfe5 Bxg2 18. Kxg2 Nxc4 19. Nxc4 Nd7 20. e4 Bf6 21. Be3 Bd4 22. Rac1 Qb8 23. Qe2 Rd8 24. b3 Nb6 25. Nxb6 Qxb6 {The position is equal.} 26. Rc4 Rac8 27. Bxd4 Rxd4 28. Rdc1 {[#] Strongly threatening Rxd4.} Rxc4 29. Rxc4 $11 {[%mdl 4096] Endgame KQR-KQR} e5 30. h4 Qd6 31. Qe3 f6 32. Kf1 Rc7 33. Ke2 Kf7 34. Kd2 Kg8 35. Ke2 Kf7 36. Kd2 Kg8 37. Ke2 Kf7 {Accuracy: White = 84%, Black = 66%.} 1/2-1/2

[Event "5th EKA IIFL Investment 2019"]
[Site "Mumbai"]
[Date "2020.01.03"]
[Round "5.4"]
[White "Czebe, Attila"]
[Black "Taher, Yoseph Theolifus"]
[Result "1/2-1/2"]
[WhiteElo "2374"]
[BlackElo "2469"]
[Annotator "TA"]
[PlyCount "90"]
[EventDate "2019.12.30"]
[EventType "swiss"]
[EventCountry "IND"]
[SourceTitle "playchess.com"]
[Source "ChessBase"]
[SourceQuality "1"]

{[%evp 9,90,6,14,6,4,-32,29,1,1,0,15,0,0,0,0,0,0,-10,-12,-6,0,-21,-22,-23,-20,-64,-60,-47,-32,-41,-34,-44,-14,-18,0,-33,6,7,4,0,44,32,41,39,38,37,38,38,41,37,28,19,20,0,0,0,0,0,10,-53,0,0,0,0,0,0,0,0,4,4,6,13,15,0,2,4,5,0,30,0,0,0,0]} 1. e4 c5 2. Nc3 Nc6 3. Bb5 Nd4 4. Nf3 a6 5. Bd3 Nc6 6. O-O {B23: Closed Sicilian: Lines without g3} e6 7. Re1 Qc7 (7... g5 $1 $15 8. g3 h5) 8. b3 {White has an edge.} d6 9. Bb2 Nf6 10. Bf1 Be7 11. d4 cxd4 12. Nxd4 O-O 13. g3 $146 ({Predecessor:} 13. Nxc6 bxc6 14. Na4 {1-0 (52) Tiviakov,S (2613)-Fargere,F (2425) Algiers 2016}) 13... Bd7 14. Bg2 Rac8 15. h3 b5 16. a3 Rfd8 17. Kh2 Nxd4 18. Qxd4 Ne8 {[#] ...Bf6 is the strong threat.} 19. Qd2 Bf6 {[%cal Rf6c3]} 20. Re3 a5 21. Rc1 Qc5 22. Rd3 b4 (22... h5 {keeps more tension.} 23. f4 Bc6 24. Rb1 h4 25. g4 g5) 23. Na4 Bxa4 $1 24. Bxf6 gxf6 (24... Nxf6 {seems wilder.} 25. axb4 axb4 26. bxa4 d5 27. Rb1 Qxc2 28. Rxb4 Qxd2 29. Rxd2 dxe4 30. Rxd8+ Rxd8 31. g4 h6) 25. axb4 Qxb4 26. Qxb4 axb4 27. bxa4 Rc4 28. Rb3 Ra8 29. Bf1 Rd4 30. Bb5 {Black must now prevent c3.} Nc7 31. c3 bxc3 32. Rcxc3 Ra7 33. Bc6 {[#] aiming for Rb7.} Na6 34. Rf3 (34. a5 $11) 34... Nb4 (34... Nc5 $15 35. Rb2 Nxe4) 35. Bb5 $11 Rxe4 36. Rxf6 Kg7 37. Rff3 Nd5 38. Rfd3 Re5 39. Rd4 h5 40. Kg2 Re1 41. Bc6 Ne7 42. Bf3 Nf5 43. Rf4 Kh6 44. Rb8 Ra1 45. Bc6 Kg7 {Accuracy: White = 51%, Black = 64%.} 1/2-1/2

[Event "5th EKA IIFL Investment 2019"]
[Site "Mumbai"]
[Date "2020.01.03"]
[Round "5.5"]
[White "Mendonca, Leon Luke"]
[Black "Mirzoev, Azer"]
[Result "1/2-1/2"]
[WhiteElo "2398"]
[BlackElo "2457"]
[Annotator "RC"]
[PlyCount "69"]
[EventDate "2019.12.30"]
[EventType "swiss"]
[EventCountry "IND"]
[SourceTitle "playchess.com"]
[Source "ChessBase"]
[SourceQuality "1"]
[TimeControl "40/5400+30:1800+30"]

1. d4 {[%emt 0:00:00]} d5 {[%emt 0:02:36]} 2. c4 {[%emt 0:00:00]} dxc4 {[%emt 0:00:06]} 3. Nf3 {[%emt 0:00:07]} Nf6 {[%emt 0:00:48]} 4. Nc3 {[%emt 0:03:54]} a6 {[%emt 0:01:42]} 5. e4 {[%emt 0:00:04]} b5 {[%emt 0:00:07]} 6. e5 {[%emt 0:00:05]} Nd5 {[%emt 0:00:09]} 7. a4 {[%emt 0:00:11]} e6 {[%emt 0:06:56]} 8. axb5 {[%emt 0:02:11]} Nb6 {[%emt 0:00:02]} 9. Be2 {[%emt 0:01:58]} Be7 {[%emt 0:00:07]} 10. O-O {[%emt 0:01:02]} O-O {[%emt 0:00:09]} 11. Qd2 {[%emt 0:01:06]} Bb7 {[%emt 0:01:53]} 12. Qf4 {[%emt 0:01:33]} axb5 {[%emt 0:00:49]} 13. Rxa8 {[%emt 0:00:09]} Bxa8 {[%emt 0:00:08]} 14. Nxb5 {[%emt 0:00:13]} N8d7 15. Rd1 {[%emt 0:04:24]} Re8 {[%emt 0:18:35]} 16. Ng5 {[%emt 0:08:50]} Bxg5 {[%emt 0:00:18]} 17. Qxg5 {[%emt 0:00:02]} Qxg5 {[%emt 0:00:13]} 18. Bxg5 {[%emt 0:00:04]} Rc8 {[%emt 0:00:11]} 19. Ra1 {[%emt 0:10:47]} h6 {[%emt 0:01:44]} 20. Be3 {[%emt 0:13:59]} Bc6 {[%emt 0:01:16]} 21. Nc3 {[%emt 0:11:45]} Rb8 {[%emt 0:02:29]} 22. Bc1 {[%emt 0:00:28]} Nf8 {[%emt 0:00:54]} 23. Ra7 {[%emt 0:07:45]} Nd5 {[%emt 0:05:51]} 24. Ra3 {[%emt 0:08:08]} Nb6 {[%emt 0:00:48]} 25. Ra7 {[%emt 0:02:55]} Nd5 {[%emt 0:00:07]} 26. Ra3 {[%emt 0:00:49]} Nb6 {[%emt 0:00:06]} 27. f3 {[%emt 0:03:01]} Ng6 {[%emt 0:02:31]} 28. Ra7 {[%emt 0:01:33]} Rc8 {[%emt 0:01:05]} 29. Kf2 {[%emt 0:03:17]} Ne7 {[%emt 0:00:06]} 30. g4 {[%emt 0:02:08]} Be8 {[%emt 0:03:15]} 31. Be3 {[%emt 0:02:06]} Nc6 {[%emt 0:00:14]} 32. Rb7 {[%emt 0:01:19]} Na5 {[%emt 0:00:07]} 33. Ra7 {[%emt 0:00:09]} Nc6 {[%emt 0:00:01]} 34. Rb7 {[%emt 0:01:09]} Na5 {[%emt 0:00:05]} 35. Ra7 {[%emt 0:00:05]} 1/2-1/2

[Event "5th EKA IIFL Investment 2019"]
[Site "Mumbai"]
[Date "2020.01.03"]
[Round "5.6"]
[White "Stupak, Kirill"]
[Black "Pranesh, M."]
[Result "1-0"]
[WhiteElo "2529"]
[BlackElo "2317"]
[Annotator "TA"]
[PlyCount "72"]
[EventDate "2019.12.30"]
[EventType "swiss"]
[EventCountry "IND"]
[SourceTitle "playchess.com"]
[Source "ChessBase"]
[SourceQuality "1"]

{[%evp 10,72,13,4,0,20,57,59,61,55,60,57,67,53,59,62,76,77,97,99,103,101,120,52,73,82,113,70,58,71,510,488,495,88,85,94,93,25,26,15,14,0,0,0,0,0,0,0,0,0,8,0,0,0,0,0,12831,12830,12833,12831,12833,12833,12833,12832,5485]} 1. d4 Nf6 2. c4 e6 3. Nc3 Bb4 4. Nf3 O-O 5. Bg5 c5 6. Rc1 cxd4 {E21: Nimzo-Indian: 4 Nf3} (6... h6 7. Bh4 cxd4 8. Nxd4 d5 9. cxd5 g5 10. Bg3 Qxd5 11. e3 Qxa2 12. Qc2 Nd5 13. h4 Nxc3 14. bxc3 Qxc2 15. Rxc2 {½-½ (42) Carlsen,M (2882)-Ding,L (2805) Saint Louis 2019}) 7. Nxd4 Qa5 $146 ({Predecessor:} 7... h6 8. Bxf6 Qxf6 9. e3 Nc6 10. a3 Bxc3+ 11. Rxc3 Rd8 12. Qf3 Qe5 13. Qg3 Qf6 14. Qf3 {0-1 (73) Inarkiev,E (2682)-Karjakin,S (2750) Nazran 2019}) 8. Bxf6 gxf6 {White is slightly better.} 9. a3 Be7 $1 10. e3 Nc6 11. Be2 d6 12. O-O a6 13. Qd2 Bd7 14. b4 Qb6 (14... Qxa3 $2 15. Nc2 $18) 15. c5 dxc5 {[#]} 16. Na4 (16. Nf5 $1 $16 {[%cal Rf5e7][%mdl 512]} Qd8 (16... exf5 17. Qxd7) 17. Nxe7+ Qxe7 18. Ne4) 16... Qc7 17. Nxc5 Nxd4 18. Qxd4 Bc6 19. Bf3 Rfd8 $2 {[%mdl 8192]} (19... Bxf3 $16 {is a better chance.} 20. Nxe6 {[%mdl 64] Discovered Attack} (20. gxf3 Bxc5 21. Rxc5 Qd8 $16) 20... Qe5 21. Qxe5 fxe5 22. Nxf8 Bc6) 20. Qg4+ $18 Kh8 {[#]} 21. Nb3 $2 (21. Nxb7 $1 $18 {[%mdl 512] and the rest is easy.} f5 (21... Bxb7 22. Rxc7) 22. Qc4 (22. Rxc6 Qxc6 23. Nxd8 Rxd8 $18) (22. Nxd8 fxg4 23. Nxf7+ Kg7 $15) 22... Qxb7 23. Bxc6) 21... Bxf3 22. Qxf3 Qb6 23. Rfd1 (23. Nc5 $16) 23... Rxd1+ $11 24. Rxd1 {aiming for Rd7.} Rd8 25. Rxd8+ Qxd8 26. g3 Qd3 27. Nc5 Qxa3 28. Qxb7 {[%mdl 64] Double Attack} Bxc5 29. bxc5 {[%cal Bb4c5,Bc5c6,Bc6c7][%mdl 4128] Endgame KQ-KQ} Qc1+ 30. Kg2 {And now c6 would win.} Qc4 31. h4 {Hoping for c6.} Kg7 32. c6 {c7 is the strong threat.} Qe4+ $2 {[%mdl 8192]} (32... Qd5+ $11 33. e4 Qxe4+ 34. Kg1 Qe1+ 35. Kg2 Qe4+ 36. Kh2 Qc2) 33. Kg1 $18 {White is clearly winning.} a5 {[#]} 34. Qb6 $1 Qc2 {[#]} 35. c7 $1 Qd1+ 36. Kh2 Qf3 {Accuracy: White = 55%, Black = 46%.} 1-0

[Event "5th EKA IIFL Investment 2019"]
[Site "Mumbai"]
[Date "2020.01.03"]
[Round "5.7"]
[White "Neelash Saha"]
[Black "Gupta, Abhijeet"]
[Result "0-1"]
[WhiteElo "2356"]
[BlackElo "2611"]
[Annotator "RC"]
[PlyCount "76"]
[EventDate "2019.12.30"]
[EventType "swiss"]
[EventCountry "IND"]
[SourceTitle "playchess.com"]
[Source "ChessBase"]
[SourceQuality "1"]
[TimeControl "40/5400+30:1800+30"]

1. d4 Nf6 {[%emt 0:02:00]} 2. c4 {[%emt 0:00:00]} g6 {[%emt 0:00:05]} 3. Nf3 {[%emt 0:00:00]} Bg7 {[%emt 0:00:06]} 4. e3 {[%emt 0:00:00]} O-O {[%emt 0:00:16]} 5. Be2 {[%emt 0:00:00]} c5 {[%emt 0:00:53]} 6. dxc5 {[%emt 0:07:50]} Na6 {[%emt 0:00:49]} 7. Nc3 {[%emt 0:01:19]} Nxc5 {[%emt 0:00:06]} 8. O-O {[%emt 0:00:09]} b6 {[%emt 0:01:04]} 9. Nd2 {[%emt 0:14:57]} Bb7 {[%emt 0:01:12]} 10. Rb1 {[%emt 0:06:26]} Rc8 {[%emt 0:05:24]} 11. b4 {[%emt 0:19:53]} Nce4 {[%emt 0:01:34]} 12. Bb2 {[%emt 0:00:34]} Nxc3 {[%emt 0:04:26]} 13. Bxc3 {[%emt 0:00:05]} d5 {[%emt 0:00:27]} 14. Bf3 {[%emt 0:06:51]} Ba8 {[%emt 0:00:18]} 15. Qe2 {[%emt 0:03:03]} dxc4 {[%emt 0:02:20]} 16. Bxa8 {[%emt 0:00:10]} Rxa8 {[%emt 0:00:05]} 17. Nxc4 {[%emt 0:01:06]} Rc8 {[%emt 0:00:29]} 18. Rbc1 {[%emt 0:06:41]} Qd5 {[%emt 0:02:41]} 19. Bd4 {[%emt 0:00:16]} Qb5 {[%emt 0:02:43]} 20. a3 {[%emt 0:07:07]} Rc7 {[%emt 0:04:16]} 21. Qd3 {[%emt 0:04:16]} Rfc8 {[%emt 0:10:05]} 22. Ne5 {[%emt 0:00:19]} Qxd3 {[%emt 0:00:34]} 23. Nxd3 {[%emt 0:00:06]} Ne4 {[%emt 0:00:09]} 24. Rxc7 {[%emt 0:05:36]} Rxc7 {[%emt 0:00:04]} 25. Bxg7 {[%emt 0:00:05]} Kxg7 {[%emt 0:00:04]} 26. Rc1 {[%emt 0:00:09]} Rxc1+ {[%emt 0:01:20]} 27. Nxc1 {[%emt 0:00:05]} Kf6 {[%emt 0:00:03]} 28. Kf1 {[%emt 0:02:25]} Nc3 {[%emt 0:04:41]} 29. Ke1 {[%emt 0:08:16]} Ke6 {[%emt 0:01:16]} 30. Ne2 {[%emt 0:00:29]} Nb1 {[%emt 0:02:19]} 31. Nd4+ {[%emt 0:04:47]} Kd5 {[%emt 0:00:14]} 32. Nb5 {[%emt 0:00:13]} a6 {[%emt 0:00:14]} 33. Nc7+ {[%emt 0:00:11]} Kc6 {[%emt 0:00:04]} 34. Nxa6 {[%emt 0:00:06]} Nxa3 {[%emt 0:00:06]} 35. Nb8+ {[%emt 0:00:31]} Kd6 {[%emt 0:01:44]} 36. b5 {[%emt 0:00:53]} Nxb5 {[%emt 0:00:12]} 37. Na6 {[%emt 0:00:06]} Nc3 {[%emt 0:03:00]} 38. f3 {[%emt 0:00:17]} Na2 {[%emt 0:00:18]} 0-1

[Event "5th EKA IIFL Investment 2019"]
[Site "Mumbai"]
[Date "2020.01.03"]
[Round "5.8"]
[White "Kulkarni, Vikramaditya"]
[Black "Vaibhav, Suri"]
[Result "0-1"]
[WhiteElo "2328"]
[BlackElo "2597"]
[Annotator "TA"]
[PlyCount "28"]
[EventDate "2019.12.30"]
[EventType "swiss"]
[EventCountry "IND"]
[SourceTitle "playchess.com"]
[Source "ChessBase"]
[SourceQuality "1"]

{[%evp 14,48,-30,-10,-27,-45,-26,-44,-54,-110,-104,-97,-107,-173,-184,-187,-176,-184,-169,-171,-180,-171,-166,-168,-152,-211,-196,-274,-187,-608,-607,-589,-580,-29983,-29984,-29997,-29998]} 1. e4 c5 2. c3 Nf6 3. e5 Nd5 4. d4 cxd4 5. Qxd4 e6 6. Nf3 Nc6 7. Qe4 f5 8. Qe2 b5 {B22: Sicilian: 2 c3} (8... Qc7 9. g3 Nde7 10. Na3 Ng6 11. Nb5 Qb8 12. Bg2 a6 13. Nbd4 Ncxe5 14. O-O Be7 15. Re1 Nxf3+ 16. Bxf3 O-O 17. h4 Bf6 {½-½ (110) Kamsky,G (2723)-Grischuk,A (2728) Moscow 2008}) 9. Qxb5 Qc7 10. g3 a5 $146 {[%cal Ba7a5,Ba5a4,Ba4a3][%mdl 1056] Black is slightly better. Black has compensation.} ({Predecessor:} 10... Nxe5 11. Nxe5 Qxe5+ 12. Qe2 Qxe2+ 13. Bxe2 Bb7 14. O-O Be7 15. a3 Nf6 16. c4 h5 17. Nd2 {0-1 (49) Zaitsev,M (2458)-Drabke,L (2405) Germany 2005}) 11. Bf4 ({Better is} 11. Nbd2 $15) 11... Rb8 $17 12. Qe2 a4 13. Bc1 {[#]} (13. Bg2 $17) 13... a3 $1 $19 14. bxa3 {[#]} Nxc3 {Played: Rb8xb1} 0-1

[Event "5th EKA IIFL Investment 2019"]
[Site "Mumbai"]
[Date "2020.01.03"]
[Round "5.9"]
[White "Gholami, Aryan"]
[Black "Muthaiah AL"]
[Result "1/2-1/2"]
[WhiteElo "2541"]
[BlackElo "2363"]
[Annotator "TA"]
[PlyCount "87"]
[EventDate "2019.12.30"]
[EventType "swiss"]
[EventCountry "IND"]
[SourceTitle "playchess.com"]
[Source "ChessBase"]
[SourceQuality "1"]

{[%evp 15,87,31,45,12,13,12,22,14,16,19,8,13,10,9,8,0,0,-2,27,-33,0,-8,0,-7,0,-3,0,0,-12,-35,-6,-14,0,-25,0,0,0,-8,-16,0,0,0,0,0,0,0,0,0,9,0,0,0,0,0,0,0,0,0,0,0,0,0,0,0,0,0,0,0,0,0,0,0,0,0]} 1. Nf3 Nf6 2. g3 d5 3. Bg2 c6 4. O-O g6 5. b3 Bg7 6. Bb2 O-O 7. c4 Bf5 8. d3 Qc8 9. cxd5 {A11: English Opening: 1...c6} (9. Nbd2 Bh3 10. Rc1 Bxg2 11. Kxg2 Qd8 12. b4 Nbd7 13. a4 e6 14. Qb3 Re8 15. Rfd1 Rc8 16. Qa2 Bf8 17. b5 e5 18. cxd5 cxd5 19. Rxc8 Qxc8 {0-1 (68) Cordova,E (2609)-Delgado Ramirez,N (2619) Batumi 2018}) 9... cxd5 10. Qd2 Nc6 11. Rc1 $146 ({Predecessor:} 11. b4 Bh3 12. b5 Bxg2 13. Kxg2 Nd8 14. Rc1 Qd7 15. Qb4 Ne6 16. Nbd2 Rfc8 17. a4 Ne8 18. Bxg7 N6xg7 19. Nb3 Qd6 {½-½ (19) Gimadeev,A-Suder,R (2220) Zakopane 2000}) 11... Qd7 12. b4 {[%cal Bb3b4,Bb4b5][%mdl 32]} Rfc8 13. b5 Nd8 14. Na3 Bh3 15. Bh1 Rxc1+ 16. Rxc1 Rc8 17. Rb1 ({White should try} 17. Rxc8 $11 Qxc8 18. Bg2) 17... b6 18. Be5 Ne8 19. Bxg7 Kxg7 20. Nc2 {[%cal Ba3c2,Bc2b4,Bb4c6][%mdl 32]} f6 21. a4 e5 22. Nb4 Be6 23. Ne1 d4 24. Nec2 Nd6 25. Nc6 {The position is equal.} a5 26. e3 dxe3 27. Qxe3 Nf5 28. Qxb6 {Black must now prevent Be4.} Qxd3 29. Nxd8 $1 Rxd8 30. Re1 Bb3 {Threatens to win with ...Qd2.} 31. Ne3 Bxa4 32. Qxa5 Bxb5 {[#]} 33. Be4 $1 {[%cal Re4d3][%mdl 512]} Qd2 (33... Qxe4 34. Nxf5+) 34. Qxd2 Rxd2 35. Nxf5+ gxf5 36. Bxf5 Bd3 37. Bxd3 Rxd3 $11 {[%mdl 4096] Endgame KR-KR} 38. Kg2 h5 39. Ra1 Kg6 40. Ra8 Rd2 41. Rg8+ Kf7 42. Rh8 Kg6 43. Rg8+ Kf7 44. Rh8 {Accuracy: White = 66%, Black = 58%.} 1/2-1/2

[Event "5th EKA IIFL Investment 2019"]
[Site "Mumbai"]
[Date "2020.01.03"]
[Round "5.10"]
[White "Nigmatov, Ortik"]
[Black "Nitin, S.."]
[Result "0-1"]
[WhiteElo "2474"]
[BlackElo "2329"]
[Annotator "ChessBase"]
[PlyCount "83"]
[EventDate "2019.12.30"]
[EventType "swiss"]
[EventCountry "IND"]
[SourceTitle "playchess.com"]
[Source "ChessBase"]
[SourceQuality "1"]
[TimeControl "40/5400+30:1800+30"]

1. e4 {[%emt 0:00:00]} c5 {[%emt 0:00:06]} 2. Nc3 {[%emt 0:00:00]} e6 {[%emt 0:01:08]} 3. g3 {[%emt 0:00:29]} Nc6 {[%emt 0:00:15]} 4. Bg2 {[%emt 0:00:07]} g6 {[%emt 0:00:10]} 5. d3 {[%emt 0:07:42]} Bg7 {[%emt 0:00:18]} 6. f4 {[%emt 0:01:58]} d6 {[%emt 0:02:04]} 7. Be3 {[%emt 0:08:55]} Nge7 {[%emt 0:00:46]} 8. Nf3 {[%emt 0:03:04]} Nd4 {[%emt 0:05:06]} 9. O-O {[%emt 0:00:12]} O-O {[%emt 0:00:06]} 10. Qd2 Rb8 {[%emt 0:00:52]} 11. g4 {[%emt 0:04:28]} f5 {[%emt 0:17:20]} 12. gxf5 {[%emt 0:00:07]} exf5 {[%emt 0:00:59]} 13. Rae1 {[%emt 0:01:43]} b5 {[%emt 0:04:11]} 14. Bxd4 {[%emt 0:24:33]} cxd4 {[%emt 0:01:02]} 15. Nd5 {[%emt 0:00:13]} fxe4 {[%emt 0:08:29]} 16. Nxe7+ {[%emt 0:03:47]} Qxe7 {[%emt 0:00:06]} 17. dxe4 Qf6 {[%emt 0:01:35]} 18. e5 {[%emt 0:15:43]} Qxf4 {[%emt 0:09:59]} 19. Qxf4 {[%emt 0:00:06]} Rxf4 {[%emt 0:00:05]} 20. exd6 {[%emt 0:04:05]} Bf5 {[%emt 0:06:35]} 21. Ng5 {[%emt 0:07:31]} Rxf1+ {[%emt 0:00:41]} 22. Rxf1 {[%emt 0:06:26]} Bh6 {[%emt 0:13:20]} 23. Bd5+ {[%emt 0:00:36]} Kg7 {[%emt 0:00:08]} 24. Nf7 {[%emt 0:03:27]} Be3+ {[%emt 0:02:03]} 25. Kg2 {[%emt 0:00:01]} Rf8 {[%emt 0:02:11]} 26. Rxf5 {[%emt 0:05:19]} gxf5 {[%emt 0:00:16]} 27. d7 {[%emt 0:00:33]} d3 {[%emt 0:00:08]} 28. cxd3 {[%emt 0:00:39]} Bb6 {[%emt 0:00:09]} 29. Nd6 {[%emt 0:01:41]} Kf6 {[%emt 0:01:37]} 30. Nxb5 {[%emt 0:00:36]} Ke7 {[%emt 0:02:07]} 31. Kf3 {[%emt 0:00:53]} Kxd7 {[%emt 0:00:22]} 32. b3 {[%emt 0:00:34]} Re8 {[%emt 0:02:41]} 33. Bc4 {[%emt 0:00:29]} Re1 {[%emt 0:00:20]} 34. Nc3 {[%emt 0:00:29]} Kd6 {[%emt 0:01:05]} 35. Ne2 {[%emt 0:00:20]} Rf1+ {[%emt 0:02:00]} 36. Kg3 {[%emt 0:00:05]} Be3 {[%emt 0:00:27]} 37. d4 {[%emt 0:00:28]} Rf2 {[%emt 0:01:28]} 38. h3 {[%emt 0:00:15]} h5 {[%emt 0:01:11]} 39. Kh4 {[%emt 0:01:06]} Rg2 {[%emt 0:00:29]} 40. Kxh5 {[%emt 0:00:00]} Bd2 {[%emt 0:00:00]} 41. d5 {[%emt 0:02:53]} Ke5 {[%emt 0:01:52]} 42. d6 {[%emt 0:00:46]} 0-1